<?xml version="1.0" encoding="UTF-8"?><?xml-stylesheet type="text/xsl" href="static/style.xsl"?><OAI-PMH xmlns="http://www.openarchives.org/OAI/2.0/" xmlns:xsi="http://www.w3.org/2001/XMLSchema-instance" xsi:schemaLocation="http://www.openarchives.org/OAI/2.0/ http://www.openarchives.org/OAI/2.0/OAI-PMH.xsd"><responseDate>2026-06-01T06:11:18Z</responseDate><request verb="GetRecord" identifier="oai:riuma.uma.es:10630/24576" metadataPrefix="marc">https://riuma.uma.es/rest/oai/request</request><GetRecord><record><header><identifier>oai:riuma.uma.es:10630/24576</identifier><datestamp>2026-02-03T12:32:32Z</datestamp><setSpec>com_10630_2254</setSpec><setSpec>col_10630_37959</setSpec></header><metadata><record xmlns="http://www.loc.gov/MARC21/slim" xmlns:dcterms="http://purl.org/dc/terms/" xmlns:doc="http://www.lyncode.com/xoai" xmlns:xsi="http://www.w3.org/2001/XMLSchema-instance" xsi:schemaLocation="http://www.loc.gov/MARC21/slim http://www.loc.gov/standards/marcxml/schema/MARC21slim.xsd">
   <leader>00925njm 22002777a 4500</leader>
   <datafield ind2=" " ind1=" " tag="042">
      <subfield code="a">dc</subfield>
   </datafield>
   <datafield ind2=" " ind1=" " tag="720">
      <subfield code="a">Gámez-Valenzuela, Sergio</subfield>
      <subfield code="e">author</subfield>
   </datafield>
   <datafield ind2=" " ind1=" " tag="720">
      <subfield code="a">Ponce-Ortiz, Rocío</subfield>
      <subfield code="e">author</subfield>
   </datafield>
   <datafield ind2=" " ind1=" " tag="720">
      <subfield code="a">Gómez-Lor, Berta</subfield>
      <subfield code="e">author</subfield>
   </datafield>
   <datafield ind2=" " ind1=" " tag="720">
      <subfield code="a">Ruiz-Delgado, María del Carmen</subfield>
      <subfield code="e">author</subfield>
   </datafield>
   <datafield ind2=" " ind1=" " tag="260">
      <subfield code="c">2022-06-30</subfield>
   </datafield>
   <datafield ind2=" " ind1=" " tag="520">
      <subfield code="a">Organic semiconductors have emerged as an important class of materials that offer interesting prospects for high throughput, low-cost and flexible electronic circuits. In this sense, triindole-based systems have demonstrated great potential as p-type semiconductors in organic field-effect transistors (OFETs).[1] Recently, we have performed a combined experimental and theoretical study of three new crystalline N-trimethyltriindoles endowed with different functionalities at 3, 8 and 13 positions, either unsubstituted or with three methoxy or acetyl groups (Figure 1a), with the main goal of exploring the correlation between the electronic nature of the substituents and their solid-state organization, electronic properties and semiconductor behavior.[2] On the other hand, the design and synthesis of covalent organic framework materials (constructed from the union of different covalently linked conjugated platforms) are being deeply investigated in organic electronics.[3] In line with this , we have also investigated how the structural and the electronic properties of 2D triindole-based polymers (Figure 1b) can be modulated by the (i) modification of the linkage position from para (T2) to meta (T3), (ii) by the insertion of different π-bridges between the cores and (iii) by the increment of the number of π-bridges from 3 to 6 units (T2,3).[4] Overall, the results of this work open the door to the control of the degree of the π-conjugation for their subsequent synthesis and real application in organic electronic devices.</subfield>
   </datafield>
   <datafield ind1="8" ind2=" " tag="024">
      <subfield code="a">https://hdl.handle.net/10630/24576</subfield>
   </datafield>
   <datafield tag="653" ind2=" " ind1=" ">
      <subfield code="a">Semiconductores orgánicos</subfield>
   </datafield>
   <datafield ind2="0" ind1="0" tag="245">
      <subfield code="a">Untangling the eclectronic propierties of triindole-based semiconductors</subfield>
   </datafield>
</record>
</metadata></record></GetRecord></OAI-PMH>